[Event "Lille Luce op 6th"]
[Site "Lille"]
[Date "2015.05.04"]
[Round "1"]
[White "Poivre, Alain"]
[Black "Chachiachvili, Salome"]
[Result "1-0"]
[WhiteElo "1627"]
[BlackElo "1192"]
[PlyCount "75"]
[EventDate "2015.05.04"]
[EventType "swiss"]
[EventRounds "9"]
[EventCountry "FRA"]
[SourceTitle "EXT 2017"]
[Source "ChessBase"]
[SourceDate "2016.10.25"]
[SourceVersion "1"]
[SourceVersionDate "2016.10.25"]
[SourceQuality "1"]

1. e4 c5 2. c3 Nc6 3. d4 cxd4 4. cxd4 e6 5. Nf3 d5 6. e5 f6 7. Bb5 Bd7 8. Bxc6 Bxc6 9. 0-0 Nh6 10. Bxh6 gxh6 11. exf6 Qxf6 12. Ne5 Bb5 13. Qh5+ Ke7 14. Rc1 Be8 15. Qg4 h5 16. Qg3 Bd7 17. Rc7 Rd8 18. Rxb7 Qh6 19. Nc3 Ke8 20. Rxa7 Be7 21. Nxd7 Rxd7 22. Qb8+ Rd8 23. Qb5+ Kf8 24. Qe2 Ke8 25. Re1 Rd6 26. Nb5 Rc6 27. Nc7+ Kf7 28. Nxd5 Re8 29. Qf3+ Kg7 30. Nxe7 Kh8 31. Nxc6 h4 32. Ne5 Kg8 33. Qg4+ Qg6 34. Nxg6 Re7 35. Nxe7+ Kf7 36. Qxe6+ Kg7 37. Nf5+ Kf8 38. Qf7# 1-0